000 00638nam a2200205Ii 4500
003 JO-AjNU
008 230606s9999||||xx |||||||||||||| ||und||
020 _a0-471-24866-5
040 _aJO-AjNU
_beng
_erda
_cJO-AjNU
041 _aeng
050 1 4 _aHF5616.A78.A27 1997
100 3 _aBaydoun,Nabil/Akira Nishimura/Roger Willet,
_eauthor
_93161
245 0 0 _aAccounting in the Asia- Pacific Region
264 3 1 _asingapore: John Wiley and Sons(Asia),1997
300 _a426p
336 _atext
_btxt
_2rdacontent
337 _aunmediated
_bn
_2rdamedia
338 _avolume
_bnc
_2rdacarrier
650 4 _aAccounting- Asia- Pacific
_93162
999 _aE1656
_c1656
_d1656